000 00267nam a2200109Ia 4500
008 200302s9999 xx 000 0 und d
100 _aEdward D. Mills
245 _aArchitect Detail Sheets 4th ed.
260 _bIliffe and Sons Ltd.
260 _c1958
300 _a230 P.,
999 _c161
_d161